| 000 | 01196nam a22003137a 4500 | ||
|---|---|---|---|
| 001 | 0023030 | ||
| 003 | KOHA_MİRAKIL | ||
| 005 | 20260207002401.0 | ||
| 007 | ta | ||
| 008 | 130219b2010 tu |||gr||||#||||0|tur | | ||
| 020 |
_a9789751948113 _qTk. 9789751948120 _qc.1 _q9789751948137 _qc.2 |
||
| 040 |
_aTR-BiSEU _btur _cTR-BiSEU _erda |
||
| 041 | 0 | _atur | |
| 044 | _ctu | ||
| 050 |
_aHD848.Z9 _bU2 2010 |
||
| 245 | 1 |
_a397 numaralı Haleb Livası mufassal tahrir defteri (943/1536) I/ _ceditör Ahmet Özkılınç, Ali çoşkun...(ve bşk.). |
|
| 264 | 1 |
_aAnkara : _bBaşbakanlık Devlet Arşivleri Genel Müdürlüğü Osmanlı Arşiv Dairesi Başkanlığı _c2010 |
|
| 300 | _a2 c., 520 sayfa; 33 cm. | ||
| 336 |
_ametin _btxt _2rdacontent |
||
| 337 |
_aaracısız _bn _2rdamedia |
||
| 338 |
_acilt _bnc _2rdacarrier |
||
| 490 | 1 | _aOsmanlı Arşiv Dairesi Başkanlığı Yayın No ;109. | |
| 490 | 1 |
_aDefter-i Hakani Dizisi ; _vXVI. |
|
| 650 | 0 |
_aHaleb-- Archaives-- history-- sources. _947829 |
|
| 650 | 0 |
_aMufassal defterleri--Haleb. _947830 |
|
| 830 | 1 |
_aOsmanlı Arşiv Dairesi Başkanlığı Yayın No ;109. _947831 |
|
| 830 | 1 |
_aDefter-i Hakani Dizisi ; _vXVI. _939462 |
|
| 942 |
_2lcc _cBK |
||
| 999 |
_c22985 _d22985 |
||